Finish the Movie Quotes - Statistics

General Stats
  • This quiz has been taken 125 times
  • The average score is 8 of 10
Answer Stats
Movie Quotes Answer % Correct
To infinity and____! Beyond-Toy story
96%
May the____ be with you Force-Star Wars
94%
There's no place like___ Home-The Wizard of Oz
93%
You talking to__? Me-Taxi Driver
91%
I'm gonna make him an____ he can't refuse Offer-The Godfather
89%
Life is like a box of_____ Chocolates-Forest Gump
85%
I see___ people Dead-The Sixth sense
78%
Why so ___? Serious-The Dark Knight
69%
You can't handle the ___! Truth-A few Good Men
67%
Here's looking at you,__ Kid-Casablanca
35%
No matching quizzes found
Score Distribution
Percent of People with Each Score
Percentile by Number Answered
Your Score History
You have not taken this quiz